| 000 | 00403nam a2200145Ia 4500 | ||
|---|---|---|---|
| 003 | LK-CoDNM | ||
| 008 | 010623t2000 xxu||||| |||| 00| 1 eng d | ||
| 040 |
_aLK-CoDNM _dLK-CoDNM _eLK-CoDNM |
||
| 041 | _aeng | ||
| 080 |
_a069 _bONE |
||
| 245 | _aCent objects disparus one hundred missing objects : Pillage en Europe,looting in Europe | ||
| 260 |
_bICOM _c2000 |
||
| 300 | _b126p,pl., 23 cm | ||
| 942 | _cBK | ||
| 999 |
_c120026 _d120026 |
||